|
|
|
|
| LEADER |
00000nam0a2200000 4500 |
| 001 |
330503 |
| 005 |
20231102004251.0 |
| 010 |
|
|
|a 9785699629978
|
| 035 |
|
|
|a (RuTPU)RU\TPU\book\356277
|
| 090 |
|
|
|a 330503
|
| 100 |
|
|
|a 20170405d2013 m y0rusy50 ca
|
| 101 |
0 |
|
|a rus
|
| 102 |
|
|
|a RU
|
| 105 |
|
|
|a y z 000ay
|
| 200 |
1 |
|
|a Мефодий Буслаев. Книга Семи Дорог
|e повесть
|f Д. А. Емец
|
| 210 |
|
|
|a Москва
|c Эксмо
|d 2013
|
| 215 |
|
|
|a 415 с.
|
| 225 |
1 |
|
|a Мефодий Буслаев
|
| 225 |
1 |
|
|a Хулиганское фэнтези!
|
| 330 |
|
|
|a Давным-давно три сильнейших темных мага создали собственный мир — Книгу Семи Дорог — и заключили в него свои эйдосы. Поселившись в новой реальности, маги получили абсолютную власть и неуязвимость. Однако, чтобы жить вечно, они должны периодически заманивать к себе семь добровольцев. Попавшие в книгу навсегда забывают прошлое и воспринимают любого встречного как врага. Именно на этот артефакт и сделал ставку Лигул. Мефодий, Дафна, Шилов, Чимоданов, Прасковья, Варвара и Мош-кин — все они для главы канцелярии Мрака отыгранные карты, но если он заставит их сражаться друг с другом, то отомстит Свету за поражения. Тем временем Аида Плаховна Мамзелькина, а проще говоря Смерть, ищет преемницу. И выбор падает на бывшую валькирию — Ирку. Но вот как устроить ей ловушку?
|
| 606 |
1 |
|
|a Русская литература современная
|2 stltpush
|3 (RuTPU)RU\TPU\subj\26373
|9 50316
|
| 610 |
1 |
|
|a приключения
|
| 610 |
1 |
|
|a фантастика
|
| 610 |
1 |
|
|a фэнтези
|
| 610 |
1 |
|
|a повести
|
| 675 |
|
|
|a Р2
|v 4
|
| 700 |
|
1 |
|a Емец
|b Д. А.
|g Дмитрий Александрович
|
| 801 |
|
1 |
|a RU
|b 63413507
|c 20170405
|
| 801 |
|
2 |
|a RU
|b 63413507
|c 20170417
|g RCR
|
| 942 |
|
|
|c BK
|